University Home | Library Home | Institutional Repository

The Constitution of the Republic of Malawi. (Record no. 117209)

MARC details
000 -LEADER
fixed length control field 00397cam a2200133 4500
008 - FIXED-LENGTH DATA ELEMENTS--GENERAL INFORMATION
fixed length control field 110720n 000 0 eng u
035 ## - SYSTEM CONTROL NUMBER
System control number (Sirsi) a173841
050 ## - LIBRARY OF CONGRESS CALL NUMBER
Classification number KSS 171.A31.M35 MAL 1999
110 1# - MAIN ENTRY--CORPORATE NAME
Corporate name or jurisdiction name as entry element Malawi Government
245 ## - TITLE STATEMENT
Title The Constitution of the Republic of Malawi.
260 ## - PUBLICATION, DISTRIBUTION, ETC.
Place of publication, distribution, etc. Lilongwe:
Name of publisher, distributor, etc. Malawi Govt.,
Date of publication, distribution, etc. 1999.
300 ## - PHYSICAL DESCRIPTION
Extent 110 p. ; 21 cm.
650 ## - SUBJECT ADDED ENTRY--TOPICAL TERM
Topical term or geographic name entry element Constitutions --Malawi.

No items available.

© 2026 - The University of Zambia Library - Koha v25.11